Politické systémy

Saved in:
Bibliographic Details
Main Author: Liďák, Ján
Corporate Author: Ekonomická univerzita v Bratislave. Fakulta medzinárodných vzťahov
Other Authors: Koganová, Viera, Brezníková, Soňa, Leška, Dušan, Duleba, Alexander, Kupkovič, Miroslav, Barát, Peter, Vokálová, Emília
Format: Book
Language:Slovak
Published: Bratislava Ekonóm 2002
Subjects:
Tags: Add Tag
No Tags, Be the first to tag this record!

MARC

LEADER 00000nam a2200000 4500
001 c142005
005 20221124090828.4
020 |a 80-225-1510-8 
041 0 |a slo 
044 |a SK 
245 1 0 |a Politické systémy  |c Ján Liďák a kolektív 
264 1 |a Bratislava  |b Ekonóm  |c 2002 
300 |a 219 s. 
610 2 0 |a systémy politické 
610 2 0 |a politika 
610 2 0 |a politológia 
610 2 0 |a porovnanie medzinárodné 
610 2 0 |a orgány štátne 
610 2 0 |a moc politická 
610 2 0 |a moc zákonodarná 
610 2 0 |a Francúzsko 
610 2 0 |a Nemecko 
610 2 0 |a Rakúsko 
610 2 0 |a Veľká Británia 
610 2 0 |a USA 
610 2 0 |a Švajčiarsko 
610 2 0 |a Taliansko 
610 2 0 |a Poľsko 
610 2 0 |a Rusko 
610 2 0 |a Ukrajina 
610 2 0 |a Slovensko 
610 2 0 |a Česko 
100 1 |a Liďák, Ján 
700 1 |a Koganová, Viera 
700 1 |a Brezníková, Soňa 
700 1 |a Leška, Dušan 
700 1 |a Duleba, Alexander 
700 1 |a Kupkovič, Miroslav 
700 1 |a Barát, Peter 
700 1 |a Vokálová, Emília 
710 2 |a Ekonomická univerzita v Bratislave. Fakulta medzinárodných vzťahov